[Event "St Petersburg-ch Seniors Blitz"]
[Site "St Petersburg"]
[Date "2022.10.05"]
[Round "4"]
[White "Gilman, Pavel"]
[Black "Balakin, Vadim"]
[Result "1-0"]
[WhiteElo "1902"]
[BlackElo "2117"]
[PlyCount "81"]
[EventDate "2022.10.05"]
[EventType "swiss"]
[EventRounds "11"]
[EventCountry "RUS"]
[SourceTitle "CBM 210 Extra"]
[Source "ChessBase"]
[SourceDate "2022.11.30"]
[SourceVersion "1"]
[SourceVersionDate "2022.11.30"]
[SourceQuality "1"]

1. d4 b5 2. Bf4 Bb7 3. e3 a6 4. Nf3 Nf6 5. Nbd2 e6 6. c4 b4 7. c5 d6 8. cxd6 cxd6 9. Bd3 Be7 10. 0-0 0-0 11. h3 Nc6 12. Rc1 e5 13. Bg5 h6 14. Bh4 e4 15. Bxf6 exd3 16. Bxe7 Qxe7 17. Qb3 Rac8 18. Qxd3 Rfe8 19. Qf5 Rcd8 20. Qf4 Qe6 21. b3 Qg6 22. Qg4 Qf6 23. Qg3 Re7 24. Rc2 Na7 25. Rfc1 Nb5 26. Nc4 Nc3 27. a3 Be4 28. Rxc3 bxc3 29. Rxc3 Rb7 30. Nfd2 Bd5 31. Na5 Re7 32. b4 Qe6 33. Nc6 Bxc6 34. Rxc6 Qa2 35. Rxd6 Rc8 36. Nf3 Rc1+ 37. Kh2 Qb1 38. Qf4 Rh1+ 39. Kg3 Re4 40. Rd8+ Kh7 41. Qf5+ 1-0